"Цветы" собирают гостей; Ландшафтный дизайн; № 2
| Parent link: | Ландшафтный дизайн: журнал.— , 2002- № 2.— 2002.— С. 6 |
|---|---|
| Idioma: | rus |
| Publicat: |
2002
|
| Col·lecció: | Новости |
| Matèries: | |
| Format: | MixedMaterials Capítol de llibre |
| KOHA link: | https://koha.lib.tpu.ru/cgi-bin/koha/opac-detail.pl?biblionumber=381634 |
MARC
| LEADER | 00000naa2a2200000 4500 | ||
|---|---|---|---|
| 001 | 381634 | ||
| 005 | 20231101062842.0 | ||
| 035 | |a (RuTPU)RU\TPU\prd\4422 | ||
| 090 | |a 381634 | ||
| 100 | |a 20020604a2002 k y0rusy50 ca | ||
| 101 | 0 | |a rus | |
| 102 | |a RU | ||
| 200 | 1 | |a "Цветы" собирают гостей | |
| 225 | 1 | |a Новости | |
| 461 | 1 | |0 (RuTPU)RU\TPU\prd\2266 |t Ландшафтный дизайн |o журнал |d 2002- | |
| 463 | 1 | |0 (RuTPU)RU\TPU\prd\2267 |t № 2 |v С. 6 |d 2002 | |
| 610 | 1 | |a журнал "Цветы" | |
| 610 | 1 | |a презентации | |
| 801 | 1 | |a RU |b 63413507 |c 20020604 |g PSBO | |
| 801 | 2 | |a RU |b 63413507 |c 20020604 |g PSBO | |
| 942 | |c BK | ||